Zvyšovanie výkonnosti firmy pomocou marketingového plánu
Plánovanie v systéme riadenia firmy. Funkcie riadenia. Zostavovanie marketingového plánu v praxi. Úloha moderného marketingu - zákaznícky prístup.
Saved in:
| Main Author: | |
|---|---|
| Format: | Book Chapter |
| Language: | Slovak |
| Subjects: | |
| Tags: |
No Tags, Be the first to tag this record!
|
MARC
| LEADER | 00000nla a2200000 4500 | ||
|---|---|---|---|
| 001 | 0180734 | ||
| 005 | 20240522092653.5 | ||
| 041 | 0 | |a slo | |
| 044 | |a SK | ||
| 245 | 1 | 0 | |a Zvyšovanie výkonnosti firmy pomocou marketingového plánu |c Pavol Serina |
| 520 | |a Plánovanie v systéme riadenia firmy. Funkcie riadenia. Zostavovanie marketingového plánu v praxi. Úloha moderného marketingu - zákaznícky prístup. | ||
| 610 | 2 | 0 | |a marketing |
| 610 | 2 | 0 | |a plán marketingový |
| 610 | 2 | 0 | |a plánovanie |
| 610 | 2 | 0 | |a riadenie strategické |
| 610 | 2 | 0 | |a zákazníci |
| 610 | 2 | 0 | |a výkonnosť podniku |
| 100 | 1 | |a Serina, Pavol | |